Top 10 Countries by Average Books Read - Statistics

General Stats
  • This quiz has been taken 26 times
  • The average score is 8 of 10
Answer Stats
Average Books Read per Year Country % Correct
15 United Kingdom
100%
17 United States
100%
14 France
91%
9 Spain
91%
10 Australia
87%
13 Italy
83%
8 Netherlands
70%
11 Russia
65%
16 India
61%
7 Switzerland
61%
No matching quizzes found
Score Distribution
Percent of People with Each Score
Percentile by Number Answered
Your Score History
You have not taken this quiz